书目信息 |
| 题名: |
构件装配工
|
|
| 作者: | 吴耀清 , 刘萍 主编 | |
| 分册: | ||
| 出版信息: | 郑州 黄河水利出版社 2019.03 |
|
| 页数: | 121页 | |
| 开本: | 21cm | |
| 丛书名: | 装配式建筑产业工人技能培训教材 | |
| 单 册: | ||
| 中图分类: | TU7 | |
| 科图分类: | ||
| 主题词: | 建筑工程--jian zhu gong cheng--装配式构件--技术培训--教材 | |
| 电子资源: | ||
| ISBN: | 978-7-5509-2243-3 | |
| 000 | 01146nam 2200277 450 | |
| 001 | CAL 009554954 | |
| 005 | 20190711164715.8 | |
| 010 | @a978-7-5509-2243-3@dCNY25.00 | |
| 100 | @a20190710d2019 em y0chiy0120 ea | |
| 101 | 0 | @achi |
| 102 | @aCN@b410000 | |
| 105 | @aa a 000yy | |
| 106 | @ar | |
| 200 | 1 | @a构件装配工@Agou jian zhuang pei gong@f主编吴耀清, 刘萍 |
| 210 | @a郑州@c黄河水利出版社@d2019.03 | |
| 215 | @a121页@c图@d21cm | |
| 225 | 2 | @a装配式建筑产业工人技能培训教材@Azhuang pei shi jian zhu chan ye gong ren ji neng pei xun jiao cai |
| 320 | @a有书目 (第121页) | |
| 330 | @a本书以培养建筑产业化工人为目标, 以装配式产业基地、装配式企业实践为基础, 结合国家、行业、地方、企业标准, 阐述装配式建筑基本知识、装配式建筑构件连接方式、装配式建筑识图、构件装配施工、构件连接施工、质量检查与验收、信息化装配技术和安全文明施工等内容。 | |
| 410 | 0 | @12001 @a装配式建筑产业工人技能培训教材 |
| 606 | 0 | @a建筑工程@Ajian zhu gong cheng@x装配式构件@x技术培训@j教材 |
| 690 | @aTU7@v5 | |
| 701 | 0 | @a吴耀清@Awu yao qing@4主编 |
| 701 | 0 | @a刘萍@Aliu ping@4主编 |
| 801 | 0 | @aCN@b人天书店@c20190710 |
| 905 | @aTSG@b0000839@dTU7@eW905@f2 | |
| 构件装配工/主编吴耀清, 刘萍.-郑州:黄河水利出版社,2019.03 |
| 121页:图;21cm.-(装配式建筑产业工人技能培训教材) |
| ISBN 978-7-5509-2243-3:CNY25.00 |
| 本书以培养建筑产业化工人为目标, 以装配式产业基地、装配式企业实践为基础, 结合国家、行业、地方、企业标准, 阐述装配式建筑基本知识、装配式建筑构件连接方式、装配式建筑识图、构件装配施工、构件连接施工、质量检查与验收、信息化装配技术和安全文明施工等内容。 |
| ● |
| 相关链接 |
|
|
|
正题名:构件装配工
索取号:TU7/W905
 
预约/预借
| 序号 | 登录号 | 条形码 | 馆藏地/架位号 | 状态 | 备注 |
| 1 | 1536501 | 215365012 | 建筑库201/201建筑库 13排4列1层/ [索取号:TU7/W905] | 在馆 | |
| 2 | 1536502 | 215365021 | 建筑库201/201建筑库 13排4列1层/ [索取号:TU7/W905] | 在馆 |